Preventive detention and human rights (Record no. 6435)

MARC details
000 -LEADER
fixed length control field 00878 a2200229 4500
005 - DATE AND TIME OF LATEST TRANSACTION
control field 20080828101619.0
008 - FIXED-LENGTH DATA ELEMENTS--GENERAL INFORMATION
fixed length control field 080828t xxu||||| |||| 00| 0 eng d
010 ## - LIBRARY OF CONGRESS CONTROL NUMBER
LC control number ENG-87349
020 ## - INTERNATIONAL STANDARD BOOK NUMBER
Terms of availability 750.00
International Standard Book Number 8176299928
035 ## - SYSTEM CONTROL NUMBER
System control number EN-70882
037 ## - SOURCE OF ACQUISITION
Source of stock number/acquisition DBAD / PUB
082 ## - DEWEY DECIMAL CLASSIFICATION NUMBER
Classification number 345.540527
100 ## - MAIN ENTRY--PERSONAL NAME
Personal name Saxena, Priti
245 ## - TITLE STATEMENT
Title Preventive detention and human rights
Statement of responsibility, etc by Priti Saxena
260 ## - PUBLICATION, DISTRIBUTION, ETC. (IMPRINT)
Place of publication, distribution, etc New Delhi
Name of publisher, distributor, etc Deep & Deep Publications
Date of publication, distribution, etc 2007
270 ## - ADDRESS
Address F-159, Rajouri Garden
City New Delhi
Postal code 110 018
300 ## - PHYSICAL DESCRIPTION
Extent xix, 243p.
Dimensions 22cm (Hb )
500 ## - GENERAL NOTE
General note Includes bibliographical references and index
700 ## - ADDED ENTRY--PERSONAL NAME
Personal name Katoch, Kuldeep S.
942 ## - ADDED ENTRY ELEMENTS (KOHA)
Institution code [OBSOLETE] dpl
Koha item type English Books
Call number prefix 345.540527 / SAX
Source of classification or shelving scheme Dewey Decimal Classification
Classification part 345.540527
Call number suffix SAX
Holdings
Withdrawn status Lost status Damaged status Not for loan Home library Current library Date acquired Cost, normal purchase price Total Checkouts Full call number Barcode Date last seen Copy number Uniform Resource Identifier Cost, replacement price Price effective from Koha item type
        D.B.Act.Division D.B.Act.Division 28/08/2008 750.00   345.540527 SAX EN-70882 15/09/2008 1 6925 750.00 15/09/2008 English Books

© Delhi Public Library
Hit Counter
free hit counter